000 00308nam a2200121Ia 4500
005 20251222144755.0
008 251222s9999||||xx |||||||||||||| ||spa||
082 _a338.642/L93/Ej.2
100 _aLoyola Rosario, Víctor
245 0 _aPequeña Empresa:
264 _bFundación Friedrich Ebert
942 _cLIB
999 _c19493
_d19493